|
|
|
|
| LEADER |
00843nam a2200253 a 4500 |
| 001 |
4453783 |
| 008 |
111119s1996 ilua 001 0 eng |
| 010 |
|
|
|a 95045503
|
| 020 |
|
|
|a 0697277984
|
| 040 |
|
|
|a DLC
|c DLC
|d DLC
|b D-DhAAL
|
| 050 |
0 |
0 |
|a QA76.5
|b .E667 1996
|
| 082 |
0 |
0 |
|a 004.16
|2 20
|
| 100 |
1 |
|
|a Erickson, Fritz J.
|
| 245 |
1 |
0 |
|a Modern microcomputers /
|c Fritz J. Erickson, John A. Vonk.
|
| 250 |
|
|
|a 2nd ed.
|
| 260 |
|
|
|a Chicago :
|b Irwin,
|c c1996.
|
| 300 |
|
|
|a xv, 252 p. :
|b ill. (some col.) ;
|c 28 cm.
|
| 500 |
|
|
|a Includes index.
|
| 541 |
|
|
|e 00015678
|
| 650 |
|
0 |
|a Microcomputers.
|
| 700 |
1 |
|
|a Vonk, John A.
|
| 852 |
1 |
|
|a Ayesha Abed Library
|c General shelf.
|
| 999 |
|
|
|c 11427
|d 11427
|
| 952 |
|
|
|0 0
|1 0
|2 ddc
|4 0
|6 004_160000000000000_ERI
|7 0
|9 18580
|a BRACUL
|b BRACUL
|c GEN
|d 2011-11-19
|l 0
|o 004.16 ERI
|p 3010007272
|r 2011-11-19
|t 1
|w 2011-11-19
|y BK
|